[Event "Bahia Blanca Primera CABB"]
[Site "Bahia Blanca"]
[Date "2018.11.18"]
[Round "7.2"]
[White "Tkalecz, David"]
[Black "Mollo, Juan Pablo"]
[Result "0-1"]
[WhiteElo "1706"]
[BlackElo "2004"]
[PlyCount "98"]
[EventDate "2018.11.18"]
[EventType "swiss"]
[EventRounds "7"]
[EventCountry "ARG"]
[SourceTitle "EXT 2024"]
[Source "ChessBase"]
[SourceDate "2023.10.10"]
[SourceVersion "1"]
[SourceVersionDate "2023.10.10"]
[SourceQuality "1"]

1. d4 d5 2. Bf4 Nf6 3. e3 e6 4. Nd2 c5 5. c3 Nc6 6. Ngf3 Bd6 7. Bg3 Qe7 8. Ne5 Nd7 9. Ndf3 f6 10. Nxc6 bxc6 11. Bd3 c4 12. Bc2 0-0 13. 0-0 Bxg3 14. hxg3 e5 15. dxe5 fxe5 16. b3 Nb6 17. e4 cxb3 18. axb3 Bg4 19. Qd3 Rad8 20. exd5 Bf5 21. Qe2 Bxc2 22. Qxc2 cxd5 23. Rfe1 e4 24. Nd4 Qf7 25. Ra2 Rd7 26. Re3 Re8 27. Qe2 Nc8 28. Qg4 Nd6 29. Rae2 g6 30. Qf4 Qxf4 31. gxf4 Rf8 32. g3 Nf5 33. Nxf5 gxf5 34. Rd2 Kf7 35. Re1 Rb8 36. b4 Ke6 37. f3 Rc7 38. fxe4 fxe4 39. Re3 Rbc8 40. Rc2 Kf5 41. Rg2 Ke6 42. f5+ Ke5 43. f6 Rxc3 44. Rxc3 Rxc3 45. f7 Rc8 46. Rf2 Rf8 47. g4 Ke6 48. Ra2 Rxf7 49. Ra6+ Ke5 0-1